[Event "Florianopolis op 8th"]
[Site "Florianopolis"]
[Date "2022.01.27"]
[Round "5"]
[White "Librelato, Kathie Goulart"]
[Black "Zimmermann, Kleber Renato P"]
[Result "1-0"]
[WhiteElo "2175"]
[BlackElo "1869"]
[PlyCount "109"]
[EventDate "2022.01.24"]
[EventType "swiss"]
[EventRounds "10"]
[EventCountry "BRA"]
[SourceTitle "EXT 2023"]
[Source "ChessBase"]
[SourceDate "2022.10.05"]
[SourceVersion "1"]
[SourceVersionDate "2022.10.05"]
[SourceQuality "1"]

1. e4 c5 2. Nf3 d6 3. d4 cxd4 4. Qxd4 Nc6 5. Qe3 Nf6 6. c4 g6 7. h3 Bg7 8. Nc3 0-0 9. Be2 a5 10. 0-0 a4 11. Rd1 Nd7 12. Rb1 Qa5 13. Nb5 Nc5 14. Bd2 Qd8 15. b4 axb3 16. axb3 Be6 17. b4 Na4 18. Qb3 h6 19. Be3 Nb6 20. Qc2 Nd7 21. Nfd4 Nxd4 22. Nxd4 Qc7 23. f4 Rfc8 24. Nxe6 fxe6 25. e5 Nf8 26. exd6 exd6 27. Qd2 Ra3 28. Bd4 e5 29. Bb2 Ra4 30. Qxd6 Qxd6 31. Rxd6 Rxb4 32. Rdd1 exf4 33. Bxg7 Rxb1 34. Rxb1 Kxg7 35. Rxb7+ Kf6 36. Bd3 Rc6 37. Kf2 Ne6 38. Rh7 h5 39. Ke2 Nc5 40. Bc2 Ne6 41. Kd3 f3 42. gxf3 Ng5 43. Rh8 Ke5 44. Re8+ Kf4 45. Kd4 Nxf3+ 46. Kd5 Rc7 47. Bxg6 Rd7+ 48. Ke6 Rc7 49. Bxh5 Ng5+ 50. Kd5 Nxh3 51. c5 Kg5 52. Bf3 Nf4+ 53. Kd6 Ra7 54. c6 Nd3 55. c7 1-0

[Event "Florianopolis op 8th"]
[Site "Florianopolis"]
[Date "2022.01.26"]
[Round "4"]
[White "Zimmermann, Kleber Renato P"]
[Black "Leitao, Nicolau Daulibe"]
[Result "1/2-1/2"]
[WhiteElo "1869"]
[BlackElo "2109"]
[PlyCount "111"]
[EventDate "2022.01.24"]
[EventType "swiss"]
[EventRounds "10"]
[EventCountry "BRA"]
[SourceTitle "CBM 206 Extra"]
[Source "ChessBase"]
[SourceDate "2022.03.31"]
[SourceVersion "1"]
[SourceVersionDate "2022.03.31"]
[SourceQuality "1"]

1. d4 Nf6 2. e3 e6 3. Bd3 d5 4. f4 Be7 5. Nf3 b6 6. c3 Bb7 7. 0-0 Nbd7 8. Nbd2 0-0 9. Ne5 Ne4 10. Ndf3 f6 11. Nxd7 Qxd7 12. Qe2 c5 13. Bd2 Rac8 14. Rad1 c4 15. Bb1 b5 16. Be1 a5 17. a3 Rb8 18. Kh1 Bc6 19. Rg1 b4 20. axb4 axb4 21. g4 bxc3 22. Bxc3 Ba3 23. Bxe4 dxe4 24. Ne1 Bd6 25. Qxc4 Bb5 26. Qa2 Rfc8 27. Rd2 Bc4 28. Qb1 Rb3 29. Qd1 Rcb8 30. g5 f5 31. Nc2 Bd5 32. Na1 R3b7 33. Qh5 g6 34. Qe2 Bxf4 35. Qf2 Bd6 36. Nc2 f4 37. Rg4 Rf8 38. Qh4 Qb5 39. Qe1 Rbf7 40. Rg1 fxe3 41. Nxe3 Rf3 42. Qe2 Bf4 43. Qxb5 Bxe3 44. Rdg2 Bxg1 45. Kxg1 e3 46. Be1 Bc6 47. Qd3 R8f5 48. h4 Bb5 49. Qb3 Rf1+ 50. Kh2 Rxe1 51. Qxe6+ Kg7 52. Qe7+ Kg8 53. Qd8+ Kg7 54. Qe7+ Kg8 55. Qd8+ Kg7 56. Qe7+ 1/2-1/2

[Event "Pan American-ch U2000"]
[Site "Timbo"]
[Date "2021.12.02"]
[Round "3"]
[White "Zimmermann, Kleber Renato P"]
[Black "Bisesar, Maycon da Costa"]
[Result "0-1"]
[WhiteElo "1920"]
[BlackElo "1773"]
[PlyCount "117"]
[EventDate "2021.12.01"]
[EventType "swiss"]
[EventRounds "9"]
[EventCountry "BRA"]
[SourceTitle "CBM 205 Extra"]
[Source "ChessBase"]
[SourceDate "2022.01.31"]
[SourceVersion "1"]
[SourceVersionDate "2022.01.31"]
[SourceQuality "1"]

1. d4 Nf6 2. c4 g6 3. Nc3 Bg7 4. e4 d6 5. f3 0-0 6. Bg5 c6 7. Qd2 Qa5 8. Bd3 Nbd7 9. Nge2 a6 10. 0-0 Re8 11. Rab1 b5 12. b4 Qd8 13. a4 bxc4 14. Bxc4 Nb6 15. Ba2 Be6 16. Bxe6 fxe6 17. Qa2 d5 18. e5 Nfd7 19. Nf4 Nf8 20. Nd3 Nc4 21. Nc5 h6 22. Bc1 Kf7 23. Qf2 Nd7 24. Nd3 Rh8 25. g4 Qg8 26. f4 Ke8 27. Kh1 Qh7 28. Qg2 Rg8 29. a5 Rb8 30. Bd2 Na3 31. Rbc1 Nc4 32. Na4 Ra8 33. Nac5 Nxc5 34. Nxc5 Ra7 35. Rxc4 dxc4 36. Qxc6+ Kf7 37. Qxe6+ Kf8 38. f5 Bf6 39. exf6 exf6 40. fxg6 Rxg6 41. Qc8+ Kf7 42. Re1 Rg8 43. Qe6+ Kg7 44. Nd7 Qg6 45. Rf1 Re8 46. Qxf6+ Qxf6 47. Nxf6 Re2 48. Bf4 c3 49. Be5 Kg6 50. Rc1 c2 51. Nd5 Rf7 52. Nf4+ Rxf4 53. Bxf4 h5 54. gxh5+ Kf5 55. Bh6 Kg4 56. d5 Kxh5 57. Bf4 Kg4 58. Bh6 Kh3 59. d6 0-1

[Event "Santa Catarina State-ch 65th"]
[Site "Rio Negrinho"]
[Date "2021.07.23"]
[Round "3"]
[White "Theiss, Nicolas Eduardo"]
[Black "Zimmermann, Kleber Renato P"]
[Result "1/2-1/2"]
[WhiteElo "1623"]
[BlackElo "1941"]
[PlyCount "40"]
[EventDate "2021.07.22"]
[EventType "swiss"]
[EventRounds "7"]
[EventCountry "BRA"]
[SourceTitle "EXT 2022"]
[Source "ChessBase"]
[SourceDate "2021.10.06"]
[SourceVersion "1"]
[SourceVersionDate "2021.10.06"]
[SourceQuality "1"]

1. e4 c5 2. Nf3 d6 3. d3 Nf6 4. g3 g6 5. Bg2 Bg7 6. 0-0 Nc6 7. Nbd2 0-0 8. Re1 e5 9. a4 d5 10. c3 dxe4 11. dxe4 Bg4 12. Qc2 Qd7 13. Nc4 Bxf3 14. Bxf3 Rad8 15. Be3 b6 16. Rad1 Qe6 17. Be2 h6 18. Bc1 Rfe8 19. Bf1 Bf8 20. Ne3 Rxd1 1/2-1/2

[Event "Santa Catarina State-ch 65th"]
[Site "Rio Negrinho"]
[Date "2021.07.23"]
[Round "2"]
[White "Zimmermann, Kleber Renato P"]
[Black "Matsuura, Everaldo"]
[Result "0-1"]
[WhiteElo "1941"]
[BlackElo "2456"]
[PlyCount "80"]
[EventDate "2021.07.22"]
[EventType "swiss"]
[EventRounds "7"]
[EventCountry "BRA"]
[SourceTitle "EXT 2022"]
[Source "ChessBase"]
[SourceDate "2021.10.06"]
[SourceVersion "1"]
[SourceVersionDate "2021.10.06"]
[SourceQuality "1"]

1. d4 Nf6 2. c4 g6 3. Nc3 d5 4. Nf3 Bg7 5. Bg5 Ne4 6. cxd5 Nxg5 7. Nxg5 c6 8. dxc6 Nxc6 9. e3 e5 10. Nf3 exd4 11. Nxd4 Nxd4 12. exd4 0-0 13. Be2 Qxd4 14. Qxd4 Bxd4 15. 0-0 Be6 16. Bf3 Rac8 17. Rac1 b6 18. Rfd1 Bxc3 19. bxc3 Bxa2 20. Ra1 Bb3 21. Rdb1 Rxc3 22. Rxa7 Rfc8 23. Ra8 Rxa8 24. Bxa8 b5 25. f3 Kf8 26. Bb7 Ke7 27. Ba6 b4 28. Kf2 Kd6 29. Rb2 Kc5 30. Ke1 Bc4 31. Bb7 b3 32. Be4 f5 33. Kd2 Kd4 34. Bb1 Bd3 35. Bxd3 Rxd3+ 36. Ke2 Kc4 37. g3 Rd5 38. h4 Kc3 39. Rb1 b2 40. Ke3 Kc2 0-1

[Event "Sao Bento do Sul op 05"]
[Site "Sao Bento do Sul"]
[Date "2021.05.09"]
[Round "6"]
[White "Eger, Laura Luisa"]
[Black "Zimmermann, Kleber Renato P"]
[Result "1-0"]
[WhiteElo "1735"]
[BlackElo "1982"]
[PlyCount "153"]
[EventDate "2021.05.07"]
[EventType "swiss"]
[EventRounds "6"]
[EventCountry "BRA"]
[SourceTitle "EXT 2022"]
[Source "ChessBase"]
[SourceDate "2021.10.06"]
[SourceVersion "1"]
[SourceVersionDate "2021.10.06"]
[SourceQuality "1"]

1. e4 c5 2. Nf3 d6 3. c3 Nf6 4. Be2 Nbd7 5. d3 c4 6. d4 Nxe4 7. Bxc4 e6 8. 0-0 Be7 9. Bd3 Ndf6 10. Re1 d5 11. Nbd2 Nxd2 12. Qxd2 0-0 13. Bc2 Bd7 14. Ne5 Rc8 15. Qd3 b5 16. Qg3 Kh8 17. Qh3 Kg8 18. Re3 Be8 19. Rg3 b4 20. Bh6 g6 21. Bxf8 Bxf8 22. Re3 bxc3 23. Rxc3 Bb4 24. Rxc8 Qxc8 25. Qb3 Ba5 26. Bd3 Bb6 27. Nf3 Ne4 28. Qc2 Qxc2 29. Bxc2 Nd6 30. a4 a5 31. b4 axb4 32. a5 Ba7 33. Rb1 Nc4 34. Rxb4 Nxa5 35. Ba4 Kf8 36. Bxe8 Kxe8 37. Ra4 Bb6 38. Ng5 h6 39. Nf3 Nc4 40. Rb4 Bc7 41. Rb7 Kd7 42. Kf1 Kc8 43. Rb5 Kd7 44. Ke2 Kc6 45. Rb3 g5 46. Nd2 Nd6 47. g4 f5 48. Nf3 Nb5 49. h3 Bd6 50. Kd3 Bc7 51. gxf5 exf5 52. Ne5+ Bxe5 53. dxe5 Nc7 54. Ra3 g4 55. hxg4 fxg4 56. Ra1 Ne6 57. Rh1 h5 58. Ke3 Ng7 59. Kf4 Kd7 60. Ra1 Ke6 61. Ra2 Kf7 62. Ra7+ Kg6 63. Ra6+ Kf7 64. Rd6 Ne6+ 65. Kf5 Nd4+ 66. Kg5 Nf3+ 67. Kxh5 Nxe5 68. Rxd5 Ke6 69. Rxe5+ Kxe5 70. Kxg4 Kf6 71. Kf4 Ke6 72. Kg5 Ke7 73. Kg6 Ke6 74. f4 Ke7 75. f5 Kf8 76. Kf6 Ke8 77. Kg7 1-0

[Event "Sao Bento do Sul op 05"]
[Site "Sao Bento do Sul"]
[Date "2021.05.08"]
[Round "4"]
[White "Goncalves, Mateus"]
[Black "Zimmermann, Kleber Renato P"]
[Result "1-0"]
[WhiteElo "1716"]
[BlackElo "1982"]
[PlyCount "95"]
[EventDate "2021.05.07"]
[EventType "swiss"]
[EventRounds "6"]
[EventCountry "BRA"]
[SourceTitle "EXT 2022"]
[Source "ChessBase"]
[SourceDate "2021.10.06"]
[SourceVersion "1"]
[SourceVersionDate "2021.10.06"]
[SourceQuality "1"]

1. e4 c5 2. Nf3 d6 3. d4 cxd4 4. Nxd4 Nf6 5. Nc3 a6 6. Be3 e6 7. f3 Be7 8. Qd2 b5 9. 0-0-0 Bb7 10. Nb3 Nbd7 11. g4 b4 12. Ne2 a5 13. g5 Nh5 14. Ng3 Nxg3 15. hxg3 Qc7 16. g6 fxg6 17. Nd4 Nc5 18. Nb5 Qc6 19. Nxd6+ Bxd6 20. Qxd6 Qxd6 21. Rxd6 Nd7 22. Bb5 0-0-0 23. Rxe6 h6 24. Bxd7+ Rxd7 25. Rxg6 Rf8 26. Bf4 Re8 27. Rd1 Ree7 28. Rxd7 Kxd7 29. Rb6 Kc8 30. Rb5 g5 31. Rc5+ Kd8 32. Rxg5 hxg5 33. Bxg5 Kd7 34. Bxe7 Kxe7 35. c3 bxc3 36. bxc3 Kd6 37. Kd2 Kc5 38. g4 Bc8 39. g5 a4 40. a3 Be6 41. f4 Bg4 42. Kd3 Bh3 43. f5 Bf1+ 44. Ke3 Bc4 45. g6 Kd6 46. Kd4 Bb3 47. c4 Bc2 48. g7 1-0

[Event "Sao Bento do Sul op 05"]
[Site "Sao Bento do Sul"]
[Date "2021.05.08"]
[Round "3"]
[White "Zimmermann, Kleber Renato P"]
[Black "Campagnolo, Fabiola"]
[Result "1-0"]
[WhiteElo "1982"]
[BlackElo "1720"]
[PlyCount "71"]
[EventDate "2021.05.07"]
[EventType "swiss"]
[EventRounds "6"]
[EventCountry "BRA"]
[SourceTitle "EXT 2022"]
[Source "ChessBase"]
[SourceDate "2021.10.06"]
[SourceVersion "1"]
[SourceVersionDate "2021.10.06"]
[SourceQuality "1"]

1. d4 Nf6 2. c4 d6 3. Nc3 g6 4. e4 Bg7 5. f3 c6 6. Bg5 h6 7. Be3 a6 8. a4 0-0 9. Qd2 Kh7 10. Nge2 Nbd7 11. g4 Ng8 12. Ng3 Qa5 13. Bd3 b5 14. cxb5 axb5 15. 0-0 b4 16. Nce2 c5 17. Kg2 cxd4 18. Bxd4 Ne5 19. Bb5 Ba6 20. Bxa6 Rxa6 21. b3 Rd8 22. Rac1 e6 23. Rfd1 Ne7 24. Bxe5 Bxe5 25. Rc4 Rb6 26. Rc7 Re8 27. h4 Rbb8 28. Rdc1 Rbc8 29. Rxe7 Rxc1 30. Rxe8 Rb1 31. f4 Rb2 32. Qe3 Bc3 33. h5 Rxb3 34. hxg6+ Kxg6 35. f5+ exf5 36. Nxf5 1-0

[Event "Florianopolis op 7th"]
[Site "Florianopolis"]
[Date "2021.01.24"]
[Round "10"]
[White "Eger, Laura Luisa"]
[Black "Zimmermann, Kleber Renato P"]
[Result "0-1"]
[WhiteElo "1720"]
[BlackElo "1967"]
[PlyCount "84"]
[EventDate "2021.01.18"]
[EventType "swiss"]
[EventRounds "10"]
[EventCountry "BRA"]
[SourceTitle "CBM 200 Extra"]
[Source "ChessBase"]
[SourceDate "2021.03.31"]
[SourceVersion "1"]
[SourceVersionDate "2021.03.31"]
[SourceQuality "1"]

1. e4 e6 2. d4 c5 3. c3 Nf6 4. Bd3 d5 5. e5 Nfd7 6. f4 Nc6 7. Nf3 cxd4 8. cxd4 Qb6 9. Bc2 Nb4 10. Nc3 Nxc2+ 11. Qxc2 Qa6 12. Rf1 Bb4 13. Kf2 Qc4 14. Kg1 b6 15. Bd2 Ba6 16. Rf2 g6 17. Re1 Rc8 18. a3 Be7 19. Be3 Bxa3 20. bxa3 Qxc3 21. Qa4 Qc4 22. Qd1 Bb5 23. Qb1 0-0 24. Rb2 Ba6 25. g4 Qd3 26. Qxd3 Bxd3 27. Rc1 Rxc1+ 28. Bxc1 Rc8 29. Bd2 Be2 30. Kf2 Bxf3 31. Kxf3 Rc4 32. Ke2 Nb8 33. Kd3 Nc6 34. Bc3 Kf8 35. Rf2 Ke7 36. f5 b5 37. f6+ Kd7 38. Rb2 a6 39. Rf2 Ra4 40. Bb2 Na5 41. Rf3 Nc4 42. Bc1 b4 0-1

[Event "Florianopolis op 7th"]
[Site "Florianopolis"]
[Date "2021.01.21"]
[Round "6"]
[White "Calcado, Acyr Rogerio"]
[Black "Zimmermann, Kleber Renato P"]
[Result "1/2-1/2"]
[WhiteElo "2113"]
[BlackElo "1967"]
[PlyCount "51"]
[EventDate "2021.01.18"]
[EventType "swiss"]
[EventRounds "10"]
[EventCountry "BRA"]
[SourceTitle "CBM 200 Extra"]
[Source "ChessBase"]
[SourceDate "2021.03.31"]
[SourceVersion "1"]
[SourceVersionDate "2021.03.31"]
[SourceQuality "1"]

1. e4 c5 2. Nf3 d6 3. d4 cxd4 4. Nxd4 Nf6 5. Nc3 a6 6. Be2 e5 7. Nb3 Be6 8. f4 Qc7 9. g4 exf4 10. Bxf4 h6 11. h3 Nc6 12. Nd4 Ne5 13. Nxe6 fxe6 14. Qd4 Rc8 15. Rg1 Nf7 16. Qe3 Qc5 17. Qxc5 Rxc5 18. 0-0-0 Be7 19. Be3 Rc6 20. h4 Nd7 21. Rh1 Bf6 22. Bd2 Nde5 23. Be3 Nc4 24. Bd4 Bxd4 25. Rxd4 Nce5 26. Rb4 1/2-1/2

[Event "Florianopolis op 7th"]
[Site "Florianopolis"]
[Date "2021.01.19"]
[Round "2"]
[White "Vieira, Alexandre Letizio"]
[Black "Zimmermann, Kleber Renato P"]
[Result "0-1"]
[WhiteElo "1721"]
[BlackElo "1967"]
[PlyCount "64"]
[EventDate "2021.01.18"]
[EventType "swiss"]
[EventRounds "10"]
[EventCountry "BRA"]
[SourceTitle "CBM 200 Extra"]
[Source "ChessBase"]
[SourceDate "2021.03.31"]
[SourceVersion "1"]
[SourceVersionDate "2021.03.31"]
[SourceQuality "1"]

1. f4 Nf6 2. Nf3 g6 3. b3 Bg7 4. Bb2 d6 5. g3 0-0 6. Bg2 Nc6 7. 0-0 e5 8. fxe5 Ng4 9. Nc3 dxe5 10. e3 e4 11. Ne1 f5 12. Rb1 Be6 13. Ba3 Bxc3 14. dxc3 Qxd1 15. Rxd1 Nxe3 16. Bxf8 Rxf8 17. Rd2 Nxf1 18. Bxf1 Ne5 19. Be2 Kf7 20. Ng2 Ke7 21. Nf4 g5 22. Nd5+ Bxd5 23. Rxd5 Ke6 24. c4 f4 25. gxf4 gxf4 26. Rb5 f3 27. Bf1 f2+ 28. Kh1 b6 29. Bh3+ Kf6 30. Kg2 c6 31. Rb4 e3 32. c5 Rg8+ 0-1

[Event "Florianopolis op 6th"]
[Site "Florianopolis"]
[Date "2020.01.25"]
[Round "9"]
[White "Zimmermann, Kleber Renato P"]
[Black "Weise, William Ferreira"]
[Result "1-0"]
[WhiteElo "1990"]
[BlackElo "1805"]
[PlyCount "55"]
[EventDate "2020.01.20"]
[EventType "swiss"]
[EventRounds "10"]
[EventCountry "BRA"]
[SourceTitle "CBM 194 Extra"]
[Source "ChessBase"]
[SourceDate "2020.03.31"]
[SourceVersion "1"]
[SourceVersionDate "2020.03.31"]
[SourceQuality "1"]

1. d4 e6 2. c4 Bb4+ 3. Bd2 Qe7 4. Nf3 f5 5. g3 b6 6. Bg2 Bb7 7. 0-0 Bxd2 8. Qxd2 d6 9. Nc3 Nf6 10. d5 e5 11. Nh4 g6 12. e4 fxe4 13. Nxe4 Nbd7 14. Ng5 0-0-0 15. Ne6 Rdg8 16. b4 Nf8 17. Nxf8 Rxf8 18. a4 Nd7 19. a5 g5 20. Nf3 Rfg8 21. axb6 axb6 22. Ra7 h5 23. Re1 h4 24. Qa2 hxg3 25. Rxb7 gxf2+ 26. Kf1 Nf6 27. Rb8+ Kd7 28. Qa4+ 1-0

[Event "American Continental 15th"]
[Site "Sao Paulo"]
[Date "2019.07.12"]
[Round "10"]
[White "Zimmermann, Kleber Renato P"]
[Black "Bortoloso, Moacir Canella"]
[Result "1/2-1/2"]
[WhiteElo "1950"]
[BlackElo "2120"]
[PlyCount "52"]
[EventDate "2019.07.05"]
[EventType "swiss"]
[EventRounds "11"]
[EventCountry "BRA"]
[SourceTitle "CBM 191 Extra"]
[Source "ChessBase"]
[SourceDate "2019.09.30"]
[SourceVersion "1"]
[SourceVersionDate "2019.09.30"]
[SourceQuality "1"]

1. d4 Nf6 2. c4 e6 3. Nf3 b6 4. g3 Ba6 5. Qa4 Bb7 6. Bg2 c5 7. dxc5 bxc5 8. 0-0 Be7 9. Nc3 0-0 10. Rd1 Qb6 11. Bf4 Rd8 12. Qb5 d6 13. Qxb6 axb6 14. b3 Ne8 15. Rac1 Nd7 16. Rc2 h6 17. h4 Ndf6 18. a4 Rd7 19. Bc1 Rb8 20. Bb2 Nc7 21. Rcd2 Rdd8 22. e3 Ne4 23. Nxe4 Bxe4 24. Ne1 Bxg2 25. Kxg2 d5 26. Be5 Bd6 1/2-1/2

[Event "Concordia op 5th"]
[Site "Concordia"]
[Date "2019.05.02"]
[Round "4"]
[White "Zimmermann, Kleber Renato P"]
[Black "Beron, Kecci"]
[Result "1-0"]
[WhiteElo "1927"]
[BlackElo "1534"]
[PlyCount "71"]
[EventDate "2019.05.01"]
[EventType "swiss"]
[EventRounds "9"]
[EventCountry "BRA"]
[SourceTitle "CBM 190 Extra"]
[Source "ChessBase"]
[SourceDate "2019.07.15"]
[SourceVersion "1"]
[SourceVersionDate "2019.07.15"]
[SourceQuality "1"]

1. d4 Nf6 2. c4 g6 3. Nc3 Bg7 4. e4 d6 5. f3 0-0 6. Bg5 Nbd7 7. Nh3 c6 8. Qd2 e5 9. d5 cxd5 10. cxd5 a6 11. Nf2 Qb6 12. Be3 Qd8 13. Be2 Ne8 14. g4 f6 15. h4 Rf7 16. h5 g5 17. 0-0 h6 18. Rfc1 Nc5 19. b4 Nd7 20. a4 b6 21. Rc2 Bb7 22. Rac1 a5 23. Ncd1 axb4 24. Qxb4 Nc5 25. Nc3 Bf8 26. Rb2 Ba6 27. Bxa6 Rxa6 28. Qc4 Rfa7 29. Rb4 Be7 30. Rcb1 Qa8 31. a5 Rxa5 32. Rxb6 Ra1 33. Bxc5 Rxb1+ 34. Nxb1 dxc5 35. d6+ Kg7 36. dxe7 1-0

[Event "Sao Bento do Sul op 10"]
[Site "Sao Bento do Sul"]
[Date "2018.10.19"]
[Round "1"]
[White "Zimmermann, Kleber Renato P"]
[Black "Riderson, Klever"]
[Result "1-0"]
[WhiteElo "1931"]
[BlackElo "1257"]
[PlyCount "49"]
[EventDate "2018.10.19"]
[EventType "swiss"]
[EventRounds "7"]
[EventCountry "BRA"]
[SourceTitle "EXT 2021"]
[Source "ChessBase"]
[SourceDate "2020.10.23"]
[SourceVersion "1"]
[SourceVersionDate "2020.10.23"]
[SourceQuality "1"]

1. d4 d5 2. c4 e6 3. Nc3 Nf6 4. Bg5 Bb4 5. e3 0-0 6. Nf3 Nbd7 7. cxd5 Bxc3+ 8. bxc3 exd5 9. Bd3 Qe7 10. 0-0 c5 11. h3 c4 12. Bc2 b5 13. a4 b4 14. cxb4 Qxb4 15. Rb1 Qe7 16. Rb5 Nb6 17. a5 Ba6 18. Rc5 Qd8 19. axb6 axb6 20. Rc6 Bb7 21. Rxf6 gxf6 22. Bh6 Re8 23. Nh4 Kh8 24. Qh5 Rg8 25. Qxf7 1-0

[Event "Florianopolis Regional STD op"]
[Site "Florianopolis"]
[Date "2018.10.13"]
[Round "3"]
[White "Zimmermann, Kleber Renato P"]
[Black "Lebredo Zaragoitia, Gerardo"]
[Result "1/2-1/2"]
[WhiteElo "1931"]
[BlackElo "2152"]
[PlyCount "36"]
[EventDate "2018.10.12"]
[EventType "swiss"]
[EventRounds "6"]
[EventCountry "BRA"]
[SourceTitle "CBM 186 Extra"]
[Source "ChessBase"]
[SourceDate "2018.08.24"]
[SourceVersion "1"]
[SourceVersionDate "2018.08.24"]
[SourceQuality "1"]

1. d4 e6 2. c4 f5 3. Nf3 Nf6 4. Bg5 Be7 5. Bxf6 Bxf6 6. Nc3 d5 7. cxd5 exd5 8. e3 0-0 9. Qc2 c6 10. Bd3 g6 11. b4 Be6 12. 0-0 Nd7 13. Na4 Qe7 14. Rab1 Rfc8 15. Nc5 b6 16. Nxd7 Bxd7 17. Qb3 Kg7 18. Rfc1 Qd6 1/2-1/2

[Event "Caioba Telecom op"]
[Site "Caioba"]
[Date "2018.08.02"]
[Round "3"]
[White "Zimmermann, Kleber Renato P"]
[Black "Filgueiras, Nathan Felipe"]
[Result "0-1"]
[WhiteElo "1908"]
[BlackElo "2140"]
[PlyCount "25"]
[EventDate "2018.08.01"]
[EventType "swiss"]
[EventRounds "9"]
[EventCountry "BRA"]
[SourceTitle "CBM 186 Extra"]
[Source "ChessBase"]
[SourceDate "2018.08.24"]
[SourceVersion "1"]
[SourceVersionDate "2018.08.24"]
[SourceQuality "1"]

1. d4 Nf6 2. e3 e6 3. Bd3 b6 4. Qe2 Bb7 5. f4 c5 6. Nf3 d5 7. c3 Be7 8. Nbd2 0-0 9. 0-0 Ne4 10. Ne5 Nd7 11. Ndf3 Ndf6 12. Bd2 Qd6 13. Kh1 0-1